| 000 | 00749nam a22002537a 4500 | ||
|---|---|---|---|
| 008 | 130514b xxu||||| |||| 00| 0 eng d | ||
| 024 | _cAvailable | ||
| 037 | _cAvailable | ||
| 040 |
_aMBSTU LIBRARY _dMBSTU LIBRARY |
||
| 082 |
_222 _a803 PAE |
||
| 100 | _aPatrick, David. | ||
| 110 | _aGoerge F.Corcoran | ||
| 245 | _aEncyclopedia of english literature (1-4) sets. | ||
| 260 |
_aNew Delhi _bAtlantic Publishers and Distributors. _c1995 |
||
| 300 |
_a25 cm. _b416 page _f4 _g25 cm. |
||
| 600 | _aEncyclopedias. | ||
| 650 | _2Encyclopedias. | ||
| 700 | _aPatrick, David. | ||
| 710 | _aGoerge F.Corcoran | ||
| 270 |
_aNew Delhi _bNew Delhi _dIndia |
||
| 365 |
_b1800.00 _d1800.00 |
||
| 942 |
_2ddc _cBK |
||
| 999 |
_c400 _d400 |
||